000 00324nam a2200145 4500
008 210520b ||||| |||| 00| 0 eng d
020 _a9780321783950
041 _aeng
080 _25th
_a510
082 _a510
100 _a36
101 _aMAT
245 _aCollege Algebra
_cMarvin L. Bittinger
942 _2udc
_cBK
999 _c57542
_d57542